| 000 | 00453nam a22001691a 4500 | ||
|---|---|---|---|
| 999 |
_c16240 _d16240 |
||
| 020 | _a9788121510639 | ||
| 082 |
_a294.592 1 _bSUB/G |
||
| 100 | _aSubhash Kak | ||
| 245 |
_aThe gods within: _b mind, consciousness and the vedic tradition/ _cby Subhash Kak |
||
| 260 |
_aNew Delhi: _bMunshiram Manoharlal, _c2002. |
||
| 300 | _a206p. | ||
| 650 | _aConsciousness | ||
| 650 | _aVedic Literature | ||
| 650 | _aHinduism | ||
| 650 | _aReligion | ||
| 942 | _cBK | ||